000 00909nam a2200253 4500
003 CBULib
005 20240419134540.0
008 240419b |||||||| |||| 00| 0 eng d
020 _a92111262631
040 _aCBULib
_bEnglish
_cCBULib
_erda
041 _aeng
050 _aUNCTAD(058)DG/2008
110 _9359
_aUnited Nations Conference on Trade and Development (UNCTAD)
245 _aDevelopment and globalization: facts and figures 2008
_c/ by United Nations Conference on Trade and Development (UNCTAD)
260 _aNew York :
_bUnited Nations,
_c2008
300 _av, 76 pages : illustrations
336 _2rdacontent
_aText |
_btxt
337 _2rdamedia
_aUnmediated |
_bn
338 _2rdacarrier
_aVolume
_bnc
650 _aGLOBALIZATION--ECONOMIC ASPECTS--CONGRESSES
650 _a GLOBALIZATION--ECONOMIC ASPECTS
650 _aECONOMIC DEVELOPMENT--AFRICA, SUB-SAHARAN
942 _2mc
_c029
999 _c84947
_d84947